<?xml version="1.0" encoding="UTF-8"?>
<record
    xmlns:xsi="http://www.w3.org/2001/XMLSchema-instance"
    xsi:schemaLocation="http://www.loc.gov/MARC21/slim http://www.loc.gov/standards/marcxml/schema/MARC21slim.xsd"
    xmlns="http://www.loc.gov/MARC21/slim">

  <leader>01758nam a22002177a 4500</leader>
  <controlfield tag="005">20220309102209.0</controlfield>
  <controlfield tag="008">220309b           ||||| |||| 00| 0 eng d</controlfield>
  <datafield tag="020" ind1=" " ind2=" ">
    <subfield code="a">9788187198055</subfield>
  </datafield>
  <datafield tag="040" ind1=" " ind2=" ">
    <subfield code="c">AL</subfield>
  </datafield>
  <datafield tag="041" ind1=" " ind2=" ">
    <subfield code="a">eng</subfield>
  </datafield>
  <datafield tag="082" ind1=" " ind2=" ">
    <subfield code="2">23</subfield>
    <subfield code="a">664.024</subfield>
    <subfield code="b">JOSB</subfield>
  </datafield>
  <datafield tag="100" ind1=" " ind2=" ">
    <subfield code="a">Joshi, V K</subfield>
    <subfield code="9">23130</subfield>
  </datafield>
  <datafield tag="245" ind1=" " ind2=" ">
    <subfield code="a">Biotechnology food fermentation</subfield>
    <subfield code="b">Microbiology, biochemistry and technology- vol.2</subfield>
  </datafield>
  <datafield tag="260" ind1=" " ind2=" ">
    <subfield code="a">New Delhi</subfield>
    <subfield code="b">Educational publishers and distributors</subfield>
    <subfield code="c">2009</subfield>
  </datafield>
  <datafield tag="300" ind1=" " ind2=" ">
    <subfield code="a">xxxviii,1372p.</subfield>
    <subfield code="b">PB</subfield>
    <subfield code="c">24x18cm.</subfield>
  </datafield>
  <datafield tag="365" ind1=" " ind2=" ">
    <subfield code="2">General</subfield>
    <subfield code="a">VBI-1344</subfield>
    <subfield code="b">&#x20B9;562.5</subfield>
    <subfield code="c">&#x20B9;</subfield>
    <subfield code="d">&#x20B9;750.00</subfield>
    <subfield code="e">25%</subfield>
    <subfield code="f">21-02-2022</subfield>
  </datafield>
  <datafield tag="520" ind1=" " ind2=" ">
    <subfield code="a">An illustrative and comprehensive collection of articles written by world renowned experts in the area of Biotechnology of Food Fermentation. Volume I deals with the basic aspects of the subject matter and have 12 chapters covering microbiological, biochemical and technological aspects, including genetic manipulation of industrially important microorganisms, microbial toxins, sensory evaluation of foods, fermentation types and systems, packaging and economics. Volume II deals with the applied aspects and comprises 20 chapters. These cover oriental fermented foods, grape, fruit, and cereal based beverages and products milk, meat and vegetable fermentation, microbial production of protein, fat, enzymes, food additives gums, amino-acids, vitamins, organic acids, etc., and food industry waste utilization. Each of the articles provides state-of-art information on the subject matter. Both the volumes are very useful for biotechnologies, microbiologists dealing with food fermentation and the set is recommended for teaching and research purpose.</subfield>
  </datafield>
  <datafield tag="650" ind1=" " ind2=" ">
    <subfield code="2">Food technology</subfield>
    <subfield code="a">Food fermentation</subfield>
    <subfield code="9">23131</subfield>
  </datafield>
  <datafield tag="700" ind1=" " ind2=" ">
    <subfield code="a">Pandey, Ashok</subfield>
    <subfield code="9">23132</subfield>
  </datafield>
  <datafield tag="942" ind1=" " ind2=" ">
    <subfield code="2">ddc</subfield>
    <subfield code="c">BK</subfield>
  </datafield>
  <datafield tag="999" ind1=" " ind2=" ">
    <subfield code="c">221768</subfield>
    <subfield code="d">221768</subfield>
  </datafield>
  <datafield tag="952" ind1=" " ind2=" ">
    <subfield code="0">0</subfield>
    <subfield code="1">0</subfield>
    <subfield code="2">ddc</subfield>
    <subfield code="4">0</subfield>
    <subfield code="7">0</subfield>
    <subfield code="8">FST</subfield>
    <subfield code="a">SACPG</subfield>
    <subfield code="b">SACPG</subfield>
    <subfield code="d">2022-03-04</subfield>
    <subfield code="e">Vidyarthi Books</subfield>
    <subfield code="g">562.50</subfield>
    <subfield code="l">2</subfield>
    <subfield code="o">664.024 JOSB</subfield>
    <subfield code="p">PG023703</subfield>
    <subfield code="r">2023-05-29 00:00:00</subfield>
    <subfield code="s">2023-05-19</subfield>
    <subfield code="v">750.00</subfield>
    <subfield code="w">2022-02-21</subfield>
    <subfield code="y">BK</subfield>
  </datafield>
</record>
